000 00431cam a2200169ua 4500
020 _c2.25
041 _amal
_h
082 _a894.812809
_bGOP/KA
100 _aGopalakrishnan, P.K .
245 _aKalayum sahithyavum- oru padanam /
_cP.K.Gopalakrishnan.
_hTextual Documents
260 _aThrissur :
_bCurrent Books ,
_c1962.
300 _a170 ; .
365 _a2.25
504 _a
942 _cBK
999 _c12002
_d12002